[Event "IV Torneo Hotel Petra"]
[Site "Roma ITA"]
[Date "2005.09.10"]
[Round "8"]
[White "Piscopo, Pierluigi"]
[Black "Ramondino, Renzo"]
[Result "1-0"]
[WhiteElo "2389"]
[BlackElo "2274"]
[PlyCount "95"]
[EventDate "2005.09.03"]

1. e4 c5 2. Nf3 d6 3. c3 Nf6 4. Be2 Nbd7 5. d3 b6 6. O-O Bb7 7. Re1 e6 8. Nbd2
Be7 9. Bf1 O-O 10. d4 cxd4 11. cxd4 Rc8 12. Bd3 e5 13. d5 Nc5 14. Bb1 a5 15.
Nf1 b5 16. h3 Ba6 17. N3h2 b4 18. Qf3 Rc7 19. Ng3 Ne8 20. Qe3 g6 21. Nf3 Ng7
22. Qh6 f6 23. Qd2 Qb8 24. h4 h5 25. Qd1 Qc8 26. Be3 Qg4 27. a3 Bc4 28. axb4
axb4 29. Nd2 Qxd1 30. Rxd1 Bb5 31. Ra5 Rb7 32. Bxc5 dxc5 33. Ba2 Bd6 34. Bc4
Rfb8 35. Rxb5 Rxb5 36. Bxb5 Rxb5 37. Nc4 Ne8 38. Ra1 Rb8 39. Nf1 Kf8 40. Nfe3
Rd8 41. Ra7 Be7 42. Na5 Nd6 43. Nc6 Re8 44. Rd7 Nb5 45. Nc4 Nd4 46. Kf1 Nxc6
47. dxc6 Rc8 48. c7 1-0

[Event "IV Torneo Hotel Petra"]
[Site "Roma ITA"]
[Date "2005.09.11"]
[Round "9"]
[White "Corvi, Marco"]
[Black "Martorelli, Antonio"]
[Result "1/2-1/2"]
[WhiteElo "2317"]
[BlackElo "2277"]
[PlyCount "23"]
[EventDate "2005.09.03"]

1. c4 e6 2. Nf3 d5 3. g3 c5 4. Bg2 d4 5. d3 Nc6 6. O-O e5 7. e3 Nf6 8. exd4
exd4 9. Bf4 Be7 10. Ne5 Nxe5 11. Bxe5 O-O 12. Na3 1/2-1/2

[Event "IV Torneo Hotel Petra"]
[Site "Roma ITA"]
[Date "2005.09.11"]
[Round "9"]
[White "Ramondino, Renzo"]
[Black "Mazzilli, Piero"]
[Result "0-1"]
[WhiteElo "2274"]
[BlackElo "2341"]
[PlyCount "78"]
[EventDate "2005.09.03"]

1. e4 g6 2. d4 Bg7 3. c4 c5 4. Nf3 cxd4 5. Nxd4 Nc6 6. Be3 Nf6 7. Nc3 O-O 8.
Be2 d6 9. O-O Nxd4 10. Bxd4 Bd7 11. Qd3 Bc6 12. b4 b6 13. Rfc1 Nd7 14. Nd5 a5
15. a3 axb4 16. axb4 Bxd5 17. cxd5 Rxa1 18. Rxa1 Qc7 19. Bxg7 Kxg7 20. Qd4+ f6
21. Bb5 Rb8 22. Bc6 Ne5 23. f4 Nxc6 24. Qc3 Rc8 25. Rc1 b5 26. dxc6 Qb6+ 27.
Kf1 e5 28. Qh3 Rc7 29. Qe6 Qe3 30. Re1 Qd3+ 31. Kg1 exf4 32. Rf1 Qd4+ 33. Kh1
Qxb4 34. h4 Qc4 35. Qxd6 Qxf1+ 36. Kh2 Rf7 37. e5 Qe2 38. c7 f3 39. exf6+ Rxf6
0-1

[Event "IV Torneo Hotel Petra"]
[Site "Roma ITA"]
[Date "2005.09.11"]
[Round "9"]
[White "Romanishin, Oleg M."]
[Black "Farago, Ivan"]
[Result "1/2-1/2"]
[WhiteElo "2570"]
[BlackElo "2499"]
[PlyCount "28"]
[EventDate "2005.09.03"]

1. d4 Nf6 2. Nf3 e6 3. c4 b6 4. a3 Ba6 5. e3 Be7 6. Be2 O-O 7. Nc3 c6 8. e4 d5
9. cxd5 cxd5 10. Bxa6 Nxa6 11. e5 Ne4 12. Qd3 Nxc3 13. Qxc3 Qc8 14. Bd2 Qxc3
1/2-1/2

[Event "IV Torneo Hotel Petra"]
[Site "Roma ITA"]
[Date "2005.09.11"]
[Round "9"]
[White "Sibilio, Mario"]
[Black "Piscopo, Pierluigi"]
[Result "1-0"]
[WhiteElo "2380"]
[BlackElo "2389"]
[PlyCount "145"]
[EventDate "2005.09.03"]

1. d4 Nf6 2. c4 g6 3. g3 Bg7 4. Bg2 O-O 5. Nc3 d6 6. Nf3 c6 7. h3 Qa5 8. O-O e5
9. Be3 Be6 10. Nd2 exd4 11. Bxd4 Nbd7 12. Rc1 Rad8 13. Nce4 c5 14. Bc3 Qa6 15.
Ng5 Nb6 16. Nxe6 fxe6 17. Qb3 Rf7 18. Rfd1 Qa4 19. e3 Qe8 20. Qc2 Qe7 21. Nf3
Bh6 22. g4 Nfd7 23. Be1 Rdf8 24. Qe2 d5 25. cxd5 exd5 26. Rc2 c4 27. b3 cxb3
28. axb3 Qa3 29. Nd4 Ne5 30. g5 Bg7 31. Ne6 Qxb3 32. Nxg7 Rxg7 33. Rc3 Qa4 34.
f4 Nc6 35. Rcd3 Re7 36. Qd2 Rfe8 37. Bf2 d4 38. e4 Rxe4 39. Bxe4 Rxe4 40. Re1
Rxe1+ 41. Qxe1 Kf7 42. Qe4 Qa1+ 43. Kg2 Qa2 44. f5 Qd5 45. fxg6+ hxg6 46. Rf3+
Kg7 47. Qxd5 Nxd5 48. Rb3 b6 49. Kf3 Nc3 50. Be1 Ne5+ 51. Kg2 Ne4 52. Bg3 Nc6
53. Bf4 Kf7 54. Kf3 Nc3 55. Bd2 Ne5+ 56. Kg2 Ne4 57. Bf4 Ke6 58. Rb5 Nc5 59.
Bxe5 Kxe5 60. Kf3 d3 61. Rb4 Ne6 62. Rb5+ Kd4 63. h4 Kc3 64. Rd5 d2 65. Ke3 Ng7
66. Rd3+ Kc4 67. Kxd2 Nf5 68. h5 gxh5 69. g6 h4 70. Rd7 h3 71. g7 Nh6 72. Rxa7
Kd5 73. Ra3 1-0

[Event "IV Torneo Hotel Petra"]
[Site "Roma ITA"]
[Date "2005.09.11"]
[Round "9"]
[White "Vazquez Igarza, Renier"]
[Black "Miladinovic, Igor"]
[Result "1/2-1/2"]
[WhiteElo "2496"]
[BlackElo "2609"]
[PlyCount "39"]
[EventDate "2005.09.03"]

1. d4 d5 2. c4 Nc6 3. cxd5 Qxd5 4. e3 e5 5. Nc3 Bb4 6. Bd2 Bxc3 7. Bxc3 exd4 8.
Ne2 Nf6 9. Nxd4 O-O 10. Qb3 Nxd4 11. Qxd5 Nc2+ 12. Kd2 Nxd5 13. Kxc2 Bf5+ 14.
Bd3 Bxd3+ 15. Kxd3 Rfd8 16. Kc2 Nxc3 17. Kxc3 Kf8 18. Rhd1 Ke7 19. Rxd8 Rxd8
20. b4 1/2-1/2

[Event "Festival A"]
[Site "Asiago ITA"]
[Date "2005.06.19"]
[Round "9"]
[White "Dvirnyy, Danyyil"]
[Black "Borgo, Giulio"]
[Result "0-1"]
[WhiteElo "2120"]
[BlackElo "2380"]
[PlyCount "36"]
[EventDate "2005.06.13"]

1. e4 d6 2. d4 Nf6 3. Nc3 Nbd7 4. Be3 e5 5. f3 c6 6. Qd2 Qc7 7. Nh3 b5 8. Nf2
Be7 9. g3 b4 10. Ne2 d5 11. exd5 Nxd5 12. Bg2 N7b6 13. b3 c5 14. dxc5 Nxe3 15.
Qxe3 Bxc5 16. Qd2 Bf5 17. Nd3 Rd8 18. Nec1 Bd4 0-1

[Event "I Weekend Croce di Magara"]
[Site "Camigliatello - Spezzano della Sila ITA"]
[Date "2005.09.10"]
[Round "1"]
[White "Alo', Lucio"]
[Black "Sorrenti, Francesco"]
[Result "1-0"]
[WhiteElo "1589"]
[BlackElo "1962"]
[PlyCount "98"]
[EventDate "2005.09.10"]

1. Nf3 c6 2. d4 Nf6 3. h3 d6 4. Bf4 g6 5. e3 Bg7 6. c4 O-O 7. Be2 b5 8. O-O Qb6
9. Nbd2 Nbd7 10. Rb1 a5 11. b3 b4 12. Bd3 c5 13. d5 a4 14. bxa4 Qa6 15. Bc2 Nb6
16. a3 bxa3 17. Ra1 Nxc4 18. Nxc4 Qxc4 19. Rxa3 Qb4 20. Ra2 Ba6 21. Re1 Bc4 22.
Ra1 Bxd5 23. Rb1 Qa5 24. e4 Bc6 25. e5 Nd5 26. Bd2 Nc3 27. Qc1 Bxf3 28. gxf3
Bxe5 29. Qa3 Rab8 30. Rxb8 Rxb8 31. Rxe5 dxe5 32. Bxc3 Qc7 33. Qa1 f6 34. Be4
Kf8 35. a5 Qa7 36. Qa2 Rd8 37. Bd5 Kg7 38. Kg2 Qa6 39. Bc4 Qa8 40. Be2 e4 41.
Qe6 exf3+ 42. Bxf3 Qa7 43. Bd5 Rf8 44. a6 Qc7 45. Kf3 g5 46. Kg2 Rd8 47. Qf7+
Kh6 48. Bf3 Qd6 49. a7 Qd3 1-0

[Event "I Weekend Croce di Magara"]
[Site "Camigliatello - Spezzano della Sila ITA"]
[Date "2005.09.10"]
[Round "1"]
[White "Barlotti, Gabriele"]
[Black "Parrotta, Daniele"]
[Result "0-1"]
[WhiteElo "1658"]
[BlackElo "2159"]
[PlyCount "36"]
[EventDate "2005.09.10"]

1. d4 d5 2. c4 c6 3. cxd5 cxd5 4. Nf3 Nf6 5. Bf4 Nc6 6. Nc3 Bf5 7. e3 e6 8. Bb5
Nd7 9. a3 Be7 10. O-O O-O 11. Bd3 Bxd3 12. Qxd3 a6 13. Rfc1 Rc8 14. Ne2 Qb6 15.
b4 Na7 16. Nc3 Rc6 17. Na4 Qb5 18. Qxb5 axb5 0-1

[Event "I Weekend Croce di Magara"]
[Site "Camigliatello - Spezzano della Sila ITA"]
[Date "2005.09.10"]
[Round "1"]
[White "Cordi', Domenico"]
[Black "Marincolo, Piercarlo"]
[Result "1-0"]
[WhiteElo "2086"]
[BlackElo "1640"]
[PlyCount "79"]
[EventDate "2005.09.10"]

1. e4 c5 2. Nf3 Nc6 3. d4 cxd4 4. Nxd4 Nf6 5. Nc3 e5 6. Ndb5 d6 7. Bg5 a6 8.
Bxf6 gxf6 9. Na3 b5 10. Nd5 f5 11. exf5 Bxf5 12. c3 Bg7 13. Nc2 Be6 14. Nce3
O-O 15. g3 Rc8 16. a4 f5 17. Bh3 Ne7 18. axb5 axb5 19. Ra6 Nxd5 20. Nxd5 Rc5
21. Nb4 Bc4 22. Qxd6 Qxd6 23. Rxd6 f4 24. Be6+ Bxe6 25. Rxe6 f3 26. Rd6 e4 27.
O-O Re5 28. Nc2 Bf6 29. Rfd1 Be7 30. Rd7 Re8 31. Kf1 Bc5 32. Ne3 Bxe3 33. fxe3
Rh5 34. h4 Rh6 35. Rb7 Rg6 36. Kf2 Ra6 37. Rxb5 Rc8 38. Re5 Rc4 39. Rd4 Raa4
40. Rexe4 1-0

[Event "I Weekend Croce di Magara"]
[Site "Camigliatello - Spezzano della Sila ITA"]
[Date "2005.09.10"]
[Round "1"]
[White "Crivella, Manuel"]
[Black "Rametta, Marcello"]
[Result "0-1"]
[WhiteElo "1443"]
[BlackElo "1762"]
[PlyCount "52"]
[EventDate "2005.09.10"]

1. e4 c5 2. Nf3 e6 3. Bc4 Nc6 4. b3 a6 5. Bb2 b5 6. Bd3 Rb8 7. Ne5 Nxe5 8. Bxe5
d6 9. Bb2 c4 10. Be2 Bb7 11. d3 cxd3 12. Bxd3 Nf6 13. Bxf6 Qxf6 14. Nd2 d5 15.
O-O Bb4 16. exd5 Bxd5 17. Qe2 Qh6 18. Rad1 Bd6 19. h3 Qf4 20. g3 Qh6 21. h4 O-O
22. Ne4 Be7 23. c4 bxc4 24. bxc4 Ba8 25. Ng5 Bxg5 26. hxg5 Qh1# 0-1

[Event "I Weekend Croce di Magara"]
[Site "Camigliatello - Spezzano della Sila ITA"]
[Date "2005.09.10"]
[Round "1"]
[White "Gad, Alessandro"]
[Black "Gad, Ahmad"]
[Result "0-1"]
[WhiteElo "1437"]
[BlackElo "1682"]
[PlyCount "30"]
[EventDate "2005.09.10"]

1. d4 d5 2. c4 dxc4 3. Nc3 Nc6 4. Nf3 Bg4 5. e3 e6 6. Bxc4 Nf6 7. Qb3 Bxf3 8.
gxf3 Qd7 9. Qxb7 Rb8 10. Qa6 Be7 11. Bb3 O-O 12. Qf1 Rfd8 13. Qg2 Nb4 14. O-O
e5 15. a3 Nd3 0-1

[Event "I Weekend Croce di Magara"]
[Site "Camigliatello - Spezzano della Sila ITA"]
[Date "2005.09.10"]
[Round "1"]
[White "Gangemi, Salvatore"]
[Black "Amodei, Diego"]
[Result "1-0"]
[WhiteElo "2104"]
[BlackElo "1655"]
[PlyCount "85"]
[EventDate "2005.09.10"]

1. c4 e6 2. Nf3 Nf6 3. Nc3 Be7 4. e4 d6 5. d4 c6 6. Bd3 Qc7 7. e5 dxe5 8. dxe5
Nfd7 9. Qe2 Na6 10. O-O O-O 11. Bf4 Ndc5 12. Bb1 Rd8 13. a3 g6 14. b4 Nb3 15.
Ra2 Nd4 16. Nxd4 Rxd4 17. Bg3 Qd8 18. Ne4 Nc7 19. Nd6 Bxd6 20. exd6 Rxd6 21.
Bxd6 Qxd6 22. Rd2 Qe7 23. Rfd1 e5 24. f4 Be6 25. Qxe5 Re8 26. g3 f6 27. Qd6
Bxc4 28. Qxe7 Rxe7 29. Rd7 Kf8 30. Rd8+ Kf7 31. R1d7 f5 32. Bc2 h5 33. Rxe7+
Kxe7 34. Rb8 Ba6 35. Bb3 Nd5 36. Bxd5 cxd5 37. b5 Bxb5 38. Rxb7+ Bd7 39. Rxa7
d4 40. Kf2 Kd6 41. Rxd7+ Kxd7 42. Ke2 Ke6 43. Kd3 1-0

[Event "I Weekend Croce di Magara"]
[Site "Camigliatello - Spezzano della Sila ITA"]
[Date "2005.09.10"]
[Round "1"]
[White "Guzzo, Giovanni"]
[Black "Iannicella, Simone"]
[Result "1-0"]
[WhiteElo "1801"]
[BlackElo "1458"]
[PlyCount "63"]
[EventDate "2005.09.10"]

1. e4 e5 2. Nf3 Nc6 3. Bc4 Bc5 4. d3 Nf6 5. O-O d6 6. h3 h6 7. a3 a6 8. Nc3 O-O
9. Ne2 d5 10. exd5 Nxd5 11. b4 Bb6 12. Bb2 Re8 13. Ng3 Nd4 14. Re1 f6 15. Rc1
g6 16. Nxd4 Be6 17. Nxe6 Rxe6 18. Qf3 c6 19. d4 a5 20. Qg4 Kf7 21. dxe5 f5 22.
Qf3 f4 23. Ne4 axb4 24. axb4 Ra4 25. Bxd5 cxd5 26. Qxf4+ Kg7 27. Nd6 Qe7 28.
Qg3 Qf8 29. Qg4 Bxf2+ 30. Kh1 Qg8 31. Rf1 Bc5 32. Rf7+ 1-0

[Event "I Weekend Croce di Magara"]
[Site "Camigliatello - Spezzano della Sila ITA"]
[Date "2005.09.10"]
[Round "1"]
[White "Ielapi, Gianbattista"]
[Black "Grande, Pasquale"]
[Result "0-1"]
[WhiteElo "1599"]
[BlackElo "2085"]
[PlyCount "36"]
[EventDate "2005.09.10"]

1. e4 e5 2. Nf3 Nc6 3. Bb5 f5 4. d3 fxe4 5. dxe4 Nf6 6. Nc3 Bc5 7. Bxc6 bxc6 8.
Nxe5 Qe7 9. Nd3 Nxe4 10. Qe2 Nxc3 11. Qxe7+ Bxe7 12. bxc3 Bf6 13. Bd2 Kf7 14.
Rb1 Re8+ 15. Kd1 Ba6 16. Nc5 Be2+ 17. Kc1 Be7 18. Nxd7 Ba3+ 0-1

[Event "I Weekend Croce di Magara"]
[Site "Camigliatello - Spezzano della Sila ITA"]
[Date "2005.09.10"]
[Round "1"]
[White "Ielapi, Vito"]
[Black "Scalise, Sandro"]
[Result "1/2-1/2"]
[WhiteElo "1971"]
[BlackElo "1595"]
[PlyCount "90"]
[EventDate "2005.09.10"]

1. e4 c5 2. Nf3 Nc6 3. d4 cxd4 4. Nxd4 e6 5. Nb5 d6 6. c4 a6 7. N5c3 Nf6 8. Be2
Be7 9. O-O O-O 10. Be3 Qc7 11. Qc2 b6 12. Rd1 Bb7 13. f3 Rac8 14. Na4 Ne5 15.
Nxb6 Nxc4 16. Nxc8 Rxc8 17. Qxc4 Qxc4 18. Bxc4 Rxc4 19. Nc3 d5 20. exd5 exd5
21. Rd2 Bb4 22. Bd4 Nd7 23. a3 Bc5 24. Rad1 Nb6 25. Ne2 g5 26. Rc1 Rxc1+ 27.
Nxc1 Nc4 28. Bxc5 Nxd2 29. b3 f5 30. Kf2 g4 31. Ke2 Nb1 32. Kd3 gxf3 33. gxf3
d4 34. Kc2 Nc3 35. Bxd4 Nb5 36. Bc5 Bxf3 37. Kd3 Be4+ 38. Ke3 Kf7 39. Ne2 Kf6
40. a4 Nc7 41. Nc3 Nd5+ 42. Nxd5+ Bxd5 43. b4 Bb3 44. b5 Bxa4 45. bxa6 Bc6
1/2-1/2

[Event "I Weekend Croce di Magara"]
[Site "Camigliatello - Spezzano della Sila ITA"]
[Date "2005.09.10"]
[Round "1"]
[White "Ljubisavljevic, Zivojin Z."]
[Black "Salvo, Vincenzo"]
[Result "1-0"]
[WhiteElo "2261"]
[BlackElo "1682"]
[PlyCount "95"]
[EventDate "2005.09.10"]

1. c4 c5 2. Nc3 Nc6 3. g3 e6 4. Bg2 Nf6 5. e4 Be7 6. Nge2 e5 7. d3 d6 8. f4
exf4 9. gxf4 Bg4 10. h3 Bh5 11. O-O Nd7 12. Be3 Nb6 13. Qd2 Bh4 14. Bf2 O-O 15.
Qe1 Bf6 16. Ng3 g6 17. Nxh5 gxh5 18. Qe2 Kh8 19. Qxh5 Rg8 20. Qxf7 Rg7 21. Qh5
Qg8 22. Qf3 Nd4 23. Bxd4 Bxd4+ 24. Kh2 Rf8 25. Ne2 Be5 26. Rg1 Rf6 27. Bh1 Rg5
28. Rxg5 Qxg5 29. Rf1 Qh6 30. b3 Nd7 31. Qg4 Nf8 32. Rf3 Rg6 33. Qc8 Bf6 34.
Rg3 Rxg3 35. Nxg3 Bh4 36. Qg4 Qf6 37. Bg2 Bxg3+ 38. Kxg3 Qg7 39. Qxg7+ Kxg7 40.
Bf3 Ne6 41. Bg4 Nd4 42. e5 dxe5 43. fxe5 Kf7 44. Kf4 Nc2 45. Ke4 Nb4 46. Bf5 h6
47. a4 Na2 48. d4 1-0

[Event "I Weekend Croce di Magara"]
[Site "Camigliatello - Spezzano della Sila ITA"]
[Date "2005.09.10"]
[Round "1"]
[White "Piccoli, Vincenzo"]
[Black "Armentano, Alessio"]
[Result "0-1"]
[WhiteElo "1655"]
[BlackElo "2092"]
[PlyCount "50"]
[EventDate "2005.09.10"]

1. d4 f5 2. c4 Nf6 3. Nc3 g6 4. g3 Bg7 5. Bg2 O-O 6. Nf3 d6 7. O-O e6 8. Bg5 h6
9. Bd2 Qe8 10. Qc1 Kh7 11. Nh4 g5 12. Nf3 e5 13. dxe5 dxe5 14. h4 e4 15. Nh2
gxh4 16. Bh3 Qh5 17. Kg2 Be6 18. b3 Rg8 19. Bf4 Nbd7 20. Rh1 Qg6 21. Nf1 Nh5
22. e3 Nxf4+ 23. exf4 Qf6 24. Ne3 Qxc3 25. Qxc3 Bxc3 0-1

[Event "I Weekend Croce di Magara"]
[Site "Camigliatello - Spezzano della Sila ITA"]
[Date "2005.09.10"]
[Round "1"]
[White "Rizzuti, Pasquale"]
[Black "Paragliola, Gennaro"]
[Result "1-0"]
[WhiteElo "1874"]
[BlackElo "1562"]
[PlyCount "47"]
[EventDate "2005.09.10"]

1. e4 d6 2. d4 g6 3. Bd3 Bg7 4. Be3 Nf6 5. f3 e5 6. Ne2 Nc6 7. d5 Ne7 8. Qd2 c6
9. c4 cxd5 10. cxd5 O-O 11. Nbc3 a6 12. g4 Bd7 13. Ng3 Kh8 14. h4 h5 15. gxh5
gxh5 16. O-O-O Rc8 17. Kb1 Rg8 18. Rdg1 Ng6 19. Nf5 Bf8 20. Bg5 Be7 21. Rh3 Kh7
22. Rhg3 b5 23. Bxf6 Bxf6 24. Qh6# 1-0

[Event "I Weekend Croce di Magara"]
[Site "Camigliatello - Spezzano della Sila ITA"]
[Date "2005.09.10"]
[Round "1"]
[White "Romeo, Myriam"]
[Black "De Marco, Francesco"]
[Result "0-1"]
[WhiteElo "1476"]
[BlackElo "1803"]
[PlyCount "62"]
[EventDate "2005.09.10"]

1. e4 c5 2. Nf3 d6 3. Bc4 Qc7 4. Nc3 a6 5. d3 e6 6. d4 cxd4 7. Qxd4 Nc6 8. Qe3
Nb4 9. Bd3 Nf6 10. O-O g6 11. Bd2 Nc6 12. a3 Bg7 13. h3 Bd7 14. b4 b5 15. a4
Nxb4 16. axb5 Nxd3 17. Qxd3 a5 18. Be3 O-O 19. b6 Qb8 20. e5 dxe5 21. Rab1 Bc6
22. Nb5 e4 23. Qc4 Bd5 24. Qc5 exf3 25. Nc7 fxg2 26. Nxa8 gxf1=Q+ 27. Kxf1 Qxa8
28. Rb5 Rc8 29. Qe7 Bc4+ 30. Ke1 Qh1+ 31. Kd2 Ne4# 0-1

[Event "I Weekend Croce di Magara"]
[Site "Camigliatello - Spezzano della Sila ITA"]
[Date "2005.09.10"]
[Round "1"]
[White "Rosolia, Giuseppe"]
[Black "Levato, Biagio"]
[Result "1-0"]
[WhiteElo "1829"]
[BlackElo "1480"]
[PlyCount "126"]
[EventDate "2005.09.10"]

1. d4 Nf6 2. Nf3 g6 3. c4 Bg7 4. Nc3 O-O 5. e4 d6 6. Be2 c5 7. O-O cxd4 8. Nxd4
Nc6 9. Nxc6 bxc6 10. Bf3 Nd7 11. Qc2 Ba6 12. b3 Qc7 13. Bg5 Rfe8 14. Rac1 Rac8
15. Rfd1 Ne5 16. Be2 Nd7 17. Na4 Nb6 18. Nc3 Nd7 19. Bf1 Ne5 20. c5 Bxf1 21.
cxd6 exd6 22. Kxf1 Ng4 23. Bf4 Be5 24. Bxe5 Rxe5 25. h3 Nf6 26. f4 Rc5 27. Qb2
Qb8 28. Qd2 Rd8 29. Qd4 Ne8 30. b4 Rh5 31. Ne2 Ng7 32. Rxc6 Ne6 33. Qc4 Rb5 34.
Rdxd6 Rxb4 35. Qd5 Rxd6 36. Rxd6 Rb1+ 37. Kf2 Rb2 38. g3 Rxa2 39. Rxe6 Rxe2+
40. Kxe2 fxe6 41. Qxe6+ Kg7 42. Qd7+ Kg8 43. Qd5+ Kf8 44. Kd3 Qb1+ 45. Kd4 Qd1+
46. Kc5 Qc2+ 47. Kd6 Qc8 48. g4 Qd8+ 49. Kc5 Qb6+ 50. Kc4 Qa6+ 51. Kb4 Qb6+ 52.
Qb5 Qd4+ 53. Qc4 Qb2+ 54. Kc5 Qa3+ 55. Kb5 Qb2+ 56. Qb4+ Qxb4+ 57. Kxb4 Ke7 58.
Ka5 Kd7 59. Ka6 Kc7 60. f5 Kd6 61. Kxa7 gxf5 62. exf5 Ke5 63. Kb6 Kf6 1-0

[Event "I Weekend Croce di Magara"]
[Site "Camigliatello - Spezzano della Sila ITA"]
[Date "2005.09.10"]
[Round "1"]
[White "Tassone, Francesco"]
[Black "Trifoglio, Giovanni"]
[Result "0-1"]
[WhiteElo "1511"]
[BlackElo "1862"]
[PlyCount "70"]
[EventDate "2005.09.10"]

1. e4 c5 2. Nf3 Nc6 3. d4 cxd4 4. Nxd4 e6 5. b3 a6 6. Nxc6 bxc6 7. Ba3 Qa5+ 8.
Qd2 Qxd2+ 9. Kxd2 Bxa3 10. Nxa3 Nf6 11. f3 d5 12. e5 Nd7 13. f4 O-O 14. c4 Bb7
15. Be2 f6 16. Bg4 Nc5 17. Ke3 fxe5 18. fxe5 Rae8 19. Raf1 Bc8 20. Rf3 Nd7 21.
Rhf1 Nxe5 22. Rxf8+ Rxf8 23. Rxf8+ Kxf8 24. Kf4 Nd3+ 25. Ke3 Nb4 26. Kd4 e5+
27. Kc5 Nd3+ 28. Kxc6 Bxg4 29. Kxd5 Ke7 30. Nc2 Kf6 31. Ne3 Be6+ 32. Kd6 Nc1
33. Nd5+ Bxd5 34. Kxd5 Nxa2 35. c5 Nc3+ 0-1

[Event "I Weekend Croce di Magara"]
[Site "Camigliatello - Spezzano della Sila ITA"]
[Date "2005.09.10"]
[Round "2"]
[White "Amodei, Diego"]
[Black "Crivella, Manuel"]
[Result "1/2-1/2"]
[WhiteElo "1655"]
[BlackElo "1443"]
[PlyCount "79"]
[EventDate "2005.09.10"]

1. d4 c6 2. c4 d5 3. Nc3 Nf6 4. Nf3 Nbd7 5. Bg5 e6 6. cxd5 exd5 7. e4 Be7 8. e5
Ne4 9. Bxe7 Qxe7 10. Qd3 Nxc3 11. Qxc3 c5 12. Bb5 c4 13. O-O a6 14. Ba4 O-O 15.
Bc2 g6 16. Rfe1 Nb6 17. h3 Bd7 18. Qa5 Qe6 19. Qd2 Rac8 20. Qh6 f6 21. exf6
Qxf6 22. Re3 Qg7 23. Qh4 Rce8 24. Rae1 Rxe3 25. Rxe3 Qf6 26. Qg3 Qf4 27. Qxf4
Rxf4 28. g3 Rf7 29. Ng5 Rf8 30. Re7 h6 31. Ne6 Rf7 32. Rxf7 Kxf7 33. Nd8+ Kg7
34. Nxb7 Bxh3 35. Nd6 Kf6 36. Ne8+ Kf7 37. Nc7 a5 38. Nb5 Bf5 39. Bxf5 gxf5 40.
f4 1/2-1/2

[Event "I Weekend Croce di Magara"]
[Site "Camigliatello - Spezzano della Sila ITA"]
[Date "2005.09.10"]
[Round "2"]
[White "Armentano, Alessio"]
[Black "Guzzo, Giovanni"]
[Result "1-0"]
[WhiteElo "2092"]
[BlackElo "1801"]
[PlyCount "43"]
[EventDate "2005.09.10"]

1. e4 g6 2. d4 Bg7 3. f4 d6 4. Nf3 Nd7 5. Bd3 e5 6. fxe5 dxe5 7. d5 Nc5 8. Be3
Nxd3+ 9. Qxd3 Ne7 10. O-O O-O 11. c4 f5 12. Nc3 fxe4 13. Nxe4 Nf5 14. Bg5 Qd7
15. h3 b6 16. g4 Nd6 17. Bd2 a5 18. Nfg5 Ba6 19. b3 Rxf1+ 20. Rxf1 Rf8 21.
Rxf8+ Kxf8 22. Nxh7+ 1-0

[Event "I Weekend Croce di Magara"]
[Site "Camigliatello - Spezzano della Sila ITA"]
[Date "2005.09.10"]
[Round "2"]
[White "De Marco, Francesco"]
[Black "Ljubisavljevic, Zivojin Z."]
[Result "0-1"]
[WhiteElo "1803"]
[BlackElo "2261"]
[PlyCount "120"]
[EventDate "2005.09.10"]

1. e4 d6 2. d4 g6 3. Nf3 Bg7 4. Nc3 Bg4 5. Be2 Nd7 6. h3 Bxf3 7. Bxf3 e5 8. d5
Ne7 9. Be3 f5 10. O-O O-O 11. Qe2 f4 12. Bd2 Nf6 13. Nd1 Qd7 14. c4 g5 15. Rc1
Ng6 16. b4 Nh4 17. c5 h5 18. c6 bxc6 19. dxc6 Qe6 20. Bxh5 Qxa2 21. Nc3 Qe6 22.
Nb5 Qe7 23. Qc4+ Kh7 24. Bd1 Bh6 25. f3 Nh5 26. Rf2 Ng3 27. Nc3 g4 28. hxg4 Ng6
29. g5 Bxg5 30. Nd5 Qg7 31. Be1 Qh6 32. Rf1 Rac8 33. Ra1 Qh1+ 34. Kf2 Qh2 35.
Rg1 Bh4 36. Bc3 Ne2+ 37. Kxe2 Qxg1 38. Kd2 Qxg2+ 39. Be2 Bf2 40. b5 Kg7 41. Ba5
Rf7 42. Nc3 Rh8 43. Nd5 Bd4 44. Bc3 Bxc3+ 45. Kxc3 Rh2 46. Kd2 Qxf3 47. Rxa7
Qf2 48. Rxc7 Rxc7 49. Nxc7 f3 50. Ne8+ Kh6 51. Nf6 Kg5 52. Ng4 Kxg4 53. c7
Qxe2+ 54. Qxe2 Rxe2+ 55. Kc3 Ne7 56. b6 f2 57. b7 f1=Q 58. c8=Q+ Nxc8 59.
bxc8=Q+ Kg3 60. Qg8+ Kh2 0-1

[Event "I Weekend Croce di Magara"]
[Site "Camigliatello - Spezzano della Sila ITA"]
[Date "2005.09.10"]
[Round "2"]
[White "Gad, Ahmad"]
[Black "Rizzuti, Pasquale"]
[Result "0-1"]
[WhiteElo "1682"]
[BlackElo "1874"]
[PlyCount "82"]
[EventDate "2005.09.10"]

1. e4 c5 2. Nf3 e6 3. d4 cxd4 4. Nxd4 Nf6 5. Nc3 Bb4 6. e5 Nd5 7. Qd3 Qc7 8.
Ndb5 Qxe5+ 9. Be2 Nxc3 10. bxc3 Na6 11. f4 Qf6 12. cxb4 Qxa1 13. Nd6+ Kf8 14.
O-O Nxb4 15. Qc4 Nc6 16. Ba3 Qd4+ 17. Qxd4 Nxd4 18. Nxc8+ d6 19. Nxd6 Nxe2+ 20.
Kf2 Nxf4 21. Nf5+ Ke8 22. Nd6+ Kd7 23. Nxf7 Rhc8 24. Rd1+ Nd5 25. c4 Rf8 26.
Bxf8 Rxf8 27. cxd5 Rxf7+ 28. Ke3 e5 29. Rd2 Kd6 30. g3 Rc7 31. Ke4 Rc4+ 32. Kf5
Rd4 33. Rxd4 exd4 34. Ke4 d3 35. Kxd3 Kxd5 36. g4 b5 37. h4 a5 38. h5 b4 39. g5
a4 40. h6 g6 41. Ke3 b3 0-1

[Event "I Weekend Croce di Magara"]
[Site "Camigliatello - Spezzano della Sila ITA"]
[Date "2005.09.10"]
[Round "2"]
[White "Iannicella, Simone"]
[Black "Piccoli, Vincenzo"]
[Result "1-0"]
[WhiteElo "1458"]
[BlackElo "1655"]
[PlyCount "71"]
[EventDate "2005.09.10"]

1. e4 e5 2. Nf3 Nc6 3. Bc4 Bc5 4. O-O Nf6 5. d3 O-O 6. Bg5 d6 7. h3 h6 8. Bh4
Be6 9. Nbd2 Re8 10. c3 Na5 11. Bxe6 Rxe6 12. b4 g5 13. Bg3 g4 14. hxg4 Nxg4 15.
bxc5 h5 16. d4 Rh6 17. Bh4 Qd7 18. cxd6 cxd6 19. Nb3 Nxb3 20. axb3 Rg6 21. dxe5
f6 22. exd6 Kh8 23. Bg3 Rag8 24. e5 Nxe5 25. Nxe5 fxe5 26. Bxe5+ Kh7 27. Qxh5+
Rh6 28. Qf3 Rh3 29. g3 Rg6 30. Qe4 Qf7 31. Rxa7 Qg8 32. Kg2 Qe6 33. g4 Rxc3 34.
Qxb7+ Kh6 35. Bf4+ Rg5 36. Qh7# 1-0

[Event "I Weekend Croce di Magara"]
[Site "Camigliatello - Spezzano della Sila ITA"]
[Date "2005.09.10"]
[Round "2"]
[White "Levato, Biagio"]
[Black "Barlotti, Gabriele"]
[Result "0-1"]
[WhiteElo "1480"]
[BlackElo "1658"]
[PlyCount "108"]
[EventDate "2005.09.10"]

1. Nf3 d5 2. g3 c5 3. Bg2 Nf6 4. O-O Nc6 5. d3 Bg4 6. Nbd2 Qd7 7. Qe1 e5 8. e4
d4 9. Nc4 Bd6 10. c3 O-O 11. a3 Rfe8 12. b4 cxb4 13. axb4 dxc3 14. b5 Nd4 15.
Nxd4 exd4 16. f4 Bc7 17. Ba3 Be6 18. e5 Bd5 19. Qf2 Ng4 20. Qxd4 Rad8 21. Bxd5
Qxd5 22. Qxd5 Rxd5 23. h3 Nh6 24. Rf3 Rxb5 25. d4 c2 26. Bb2 Ba5 27. Kg2 Rc8
28. Nxa5 Rxb2 29. Rc1 b6 30. Nb3 a5 31. d5 a4 32. Na1 Nf5 33. Rd3 Ra2 34. d6
Rd8 35. Rc3 Nd4 36. Kf2 Rxa1 37. Rxa1 Nb3 38. d7 Kf8 39. Rxa4 c1=Q 40. Rxc1
Nxc1 41. Rd4 Ke7 42. Rc4 Nd3+ 43. Ke3 Rxd7 44. Rc6 Nb4 45. Rc4 Nd5+ 46. Ke4 Nc7
47. f5 b5 48. Rc6 Nd5 49. g4 b4 50. g5 b3 51. f6+ gxf6 52. gxf6+ Kd8 53. e6
fxe6 54. Rxe6 b2 0-1